000 01374nam a22003737a 4500
003 CHAP
005 20220329135337.0
008 971013s1974 r 00010 d
010 _a34747
011 _a35719
035 _a39835
040 _cCHAP
090 _aTesis
100 0 0 _aOlguín Palacios, Carlos.
_983006
245 _aCaracterísticas de la adsorción y lavado del boro en suelos regados con aguas negras de el Distrito de Riego No. 03 de Tula Hgo.
260 _aChapingo, Méx. :
_bEl autor,
_c1974
300 _a100 h.
_b; gráfs.
502 _aTesis (M. C. Esp. en Riego y Drenaje) -- ENA. Colegio de Postgraduados. Rama de Riego y Drenaje
590 _aALEPH
_b10
_c20130110
_lUCH01
_h1300
590 _aBATCH-UPD
_b10
_c20130110
_lUCH01
_h0109
590 _aBATCH-UPD
_b10
_c20130110
_lUCH01
_h1849
590 _aBATCH-UPD
_b10
_c20130410
_lUCH01
_h1218
590 _aBATCH-UPD
_b10
_c20130914
_lUCH01
_h0659
590 _aCONVERSION
_b10
_c20130109
_lUCH01
_h1319
650 1 4 _aAgua para irrigacion
_xEfecto en plantas.
_92437
650 1 4 _aBoro
_xEfecto en plantas.
_913923
650 1 4 _aDistrito de Riego Tula, Hgo.
_932945
650 1 4 _aSuelos
_xEfecto del boro.
_9110347
901 _aBK
942 _cFOLL
949 _bBC
_cTES
_d-90819
_eTS1
_i39835
_si
949 _bBC
_cTES
_d-90820
_eTS2
_fc.2
_i39835
_si
949 _bBC
_cTES
_d-90821
_eTS2
_fc.3
_i39835
_si
999 _c34747
_d34747